Word Ladder: Unthemed in Crimson and Chartreuse Quiz Stats

Quiz Updated Dec 5, 2014

Challenge
Share
Tweet
Embed
Score 0/24 Timer 03:00
1 Play Today
Clue 5-Letter Word % Correct
Traditional infant delivery birdSTORK
97.1%
Pedal or lever used to stop a vehicleBRAKE
95.8%
Bejeweled adornment of pageant winnersCROWN
93.1%
Meet with a watery demiseDROWN
92.4%
Surname of Oscar winner RussellCROWE
92.1%
Type of drum or hunter's trapSNARE
91.8%
Interwoven, twisting hairstyle BRAID
91.7%
Mark of ownership from a hot ironBRAND
91.7%
Flash of light from electrical dischargeSPARK
90.6%
Slang term for a thousand bucksGRAND
89.5%
Duplicate item reserved for replacementSPARE
89.2%
Samuel L. Jackson's plane riding baneSNAKE
88.5%
Clue 5-Letter Word % Correct
Northern house of Ned and RobbSTARK
87.9%
Musician and 'The Voice' judge SheltonBLAKE
87.9%
Public fund for education and researchGRANT
87.5%
Pinky's global domination partnerBRAIN
86.9%
Pixar's 2012 Scottish flickBRAVE
86.3%
Muscular strength and powerBRAWN
85.2%
Large, long-necked wading birdCRANE
85%
Mythological being of exceptional sizeGIANT
82.8%
Intensely yearn for a certain somethingCRAVE
82.7%
Type of butter served with seafoodDRAWN
82%
Quench a mighty thirstSLAKE
81%
Withered and witchlike old hagCRONE
80.6%

Today's Daily Dose

Word Ladder
'90s Movies

Quick Pick
'Fire' Movies

On This Day
June 19th II

You're not logged in!

Compare scores with friends on all Sporcle quizzes.
Join for Free
OR
Log In

You Might Also Like...

Show Comments

Extras

Top Quizzes Today


Score Distribution

Your Account Isn't Verified!

In order to create a playlist on Sporcle, you need to verify the email address you used during registration. Go to your Sporcle Settings to finish the process.

Report this User

Report this user for behavior that violates our Community Guidelines.

Details: